The managerial revolution (Record no. 6595)

MARC details
000 -CABECERA
campo de control de longitud fija 00720nam a2200253 a 4500
001 - NÚMERO DE CONTROL
campo de control BRCA_6913
005 - FECHA Y HORA DE LA ÚLTIMA TRANSACCIÓN
campo de control 20190320205635.0
008 - DATOS DE LONGITUD FIJA--INFORMACIÓN GENERAL
campo de control de longitud fija 161111s1941----u--#######---#000-0#eng-#
041 ## - CÓDIGO DE LENGUA
Código de lengua del texto/banda sonora o título independiente eng
044 ## - CÓDIGO DEL PAÍS DE LA ENTIDAD EDITORA/PRODUCTORA
Código MARC del país u
050 #4 - SIGNATURA TOPOGRÁFICA DE LA BIBLIOTECA DEL CONGRESO
Número de clasificación IC252
Número de documento/Ítem .B87 1941
100 1# - ENTRADA PRINCIPAL--NOMBRE DE PERSONA
Nombre de persona Burnham, James
Fechas asociadas al nombre 1905-1987
9 (RLIN) 17221
245 10 - MENCIÓN DE TÍTULO
Título The managerial revolution
Resto del título what is happening in the world
Mención de responsabilidad, etc. James Burnham
260 ## - PUBLICACIÓN, DISTRIBUCIÓN, ETC.
Lugar de publicación, distribución, etc. Nueva York
Nombre del editor, distribuidor, etc. The John Day company
Fecha de publicación, distribución, etc. c1941
300 ## - DESCRIPCIÓN FÍSICA
Extensión 285 p.
Dimensiones 21 cm.
500 ## - NOTA GENERAL
Nota general Estado físico: Camisa deteriorada
500 ## - NOTA GENERAL
Nota general O119
650 14 - PUNTO DE ACCESO ADICIONAL DE MATERIA--TÉRMINO DE MATERIA
Término de materia o nombre geográfico como elemento de entrada Política mundial
9 (RLIN) 17222
650 14 - PUNTO DE ACCESO ADICIONAL DE MATERIA--TÉRMINO DE MATERIA
Término de materia o nombre geográfico como elemento de entrada Problemas sociales
9 (RLIN) 17223
650 14 - PUNTO DE ACCESO ADICIONAL DE MATERIA--TÉRMINO DE MATERIA
Término de materia o nombre geográfico como elemento de entrada Capitalismo
9 (RLIN) 17224
650 14 - PUNTO DE ACCESO ADICIONAL DE MATERIA--TÉRMINO DE MATERIA
Término de materia o nombre geográfico como elemento de entrada Socialismo
9 (RLIN) 17225
902 ## - CATALOGADOR
Iniciales GFM
942 ## - ELEMENTOS DE PUNTO DE ACCESO ADICIONAL (KOHA)
Fuente del sistema de clasificación o colocación Library of Congress Classification
Tipo de ítem Koha Libros
Holdings
Estado de retiro Estado de pérdida Estado dañado No para préstamo Localización permanente Ubicación/localización actual Fecha de adquisición Número de inventario Total de préstamos Signatura topográfica completa Código de barras Fecha visto por última vez Precio válido a partir de Tipo de ítem Koha
El ejemplar forma parte de la colección y puede ser consultado según las políticas vigentes.       Biblioteca del Museo Franz Mayer (Rogerio Casas-Alatriste) Biblioteca del Museo Franz Mayer (Rogerio Casas-Alatriste) 16/11/2011 O119   IC252 .B87 1941 (O119) 7360 22/03/2019 22/03/2019 Libros